00517nam a22001577a 4500003000400000008004100004020001800045082001900063100002200082245011900104260003500223300001400258650003400272650003800306650001500344OSt250926b |||||||| |||| 00| 0 eng d a9781856499712 a658.4063bD74E aDouthwaite, Boru. aEnabling Innovation : a practical guide to understanding and fostering technological change / cby Boru Douthwaite a.- Londonb: Zed Booksc, 2002 axvi,266p. aTechnology (Applied Sciences) aManagement and Auxiliary Services aInnovation